000 00790nam a2200301Ia 4500
001 Z_2750
003 CHAP
008 220113s1992 xx 000 0 und d
010 _a165809
040 _cCHAP
082 _a633.2 T48
100 _aThe Texas Agricultural Experiment Station
_9138686
245 _aForage research in Texas, 1992 /
_cby The Texas Agricultural Experiment Station
260 _aCollege Station :
_bThe Station,
_c1992
300 _a91 p.
440 _aCPR-5011-5042
_9139838
500 _a
503 _a
650 _aForrajes
_xInvestigación
_942576
650 _aPastos
_xInvestigación
_986052
650 _aPraderas
_xInvestigación
_991243
901 _a633.2 T48
902 _aA
910 _a1992
942 _c1
942 _cc1
999 _c165809
_d165809